• 首页
  • 本馆介绍
  • 公告通知
  • 最新文献
  • 馆藏检索
  • 电子资源
  • 读者导购
  • 参考咨询
  • 我的图书馆
  • 登录
  • 详细信息显示
  • 放入我的书架
  • 预约/预借图书
  • 作者相关作品
  • 分类相关作品
  • 丛书相关作品
  • 出版社相关作品

书目信息

  • 表格格式
  • 工作单格式
  • 卡片格式
题名:
丝绸之路
    
 
作者: 玛扎海里 , Mazaheri 著 ;耿栤 译
分册:  
出版信息: 北京   中华书局  1993.6
页数: 590页
开本: 20cm
丛书名: 法国西域敦煌学名著译丛
单 册:
中图分类: K203 , K373.03 , G115
科图分类:
主题词: 丝绸之路--研究 , 丝绸之路 , 文化交流--文化史--中国、伊朗--古代 , 文化交流 , 文化史 , 文化事业--世界
电子资源:
ISBN: 7-101-01123-3
000 01199oam2 2200397 450
001 1561272039
005 20150125170135.79
010    @a7-101-01123-3@dCNY34.00
100    @a19940302d1993 kemy0chiy0110 ea
101 1  @achi@cfre
102    @aCN@b110000
105    @ay z 001yy
200 1  @a丝绸之路@9si chou zhi lu@e中国-波斯文化交流史@f(法)玛扎海里(Mazaheri,Aly)著@g耿 栤译
210    @a北京@c中华书局@d1993.6
215    @a590页@d20cm
225 2  @a法国西域敦煌学名著译丛
300    @a法国外交部赞助出版
300    @a书名原文:La route de la soie
304    @a阿里·玛扎海里(1914~1991),博士,法国著名东方学家
314    @a耿 栤,中国社会科学院历史研究所任职
461  0 @12001 @a法国西域敦煌学名著译丛
510 1  @aLa route de la soie@zfre
606 0  @a丝绸之路@x研究
606 0  @a丝绸之路
606 0  @a文化交流@x文化史@y中国、伊朗@z古代
606 0  @a文化交流
606 0  @a文化史
606 0  @a文化事业@x世界
690    @aK203@v三版
690    @aK373.03@v三版
690    @aG115@v4
701  1 @a玛扎海里@9ma zha hai li@b阿里@4著
701  1 @aMazaheri@bAly@4著
702  0 @a耿栤@9geng sheng@4译
801  0 @aCN@bTSSF@c20150125
905    @aZUCC@dG115@eJY9
    
    丝绸之路:中国-波斯文化交流史/(法)玛扎海里(Mazaheri,Aly)著/耿 栤译.-北京:中华书局,1993.6
    590页;20cm.-(法国西域敦煌学名著译丛)
    法国外交部赞助出版.-书名原文:La route de la soie
    
    ISBN 7-101-01123-3:CNY34.00
    
●
相关链接 在E读中查询图书 在五车中查询图书 在当当中查询图书 在豆瓣中查询图书


正题名:丝绸之路     索取号:G115/JY9         预约/预借

序号 登录号 条形码 馆藏地/架位号 状态 备注
1 7853976   278539761   学院路分馆/ [索取号:G115/JY9] 在馆    
唐山师范学院图书馆 欢迎您!
大连网信软件有限公司© 版权所有